000 00341nam a22001457a 4500
008 210519b ||||| |||| 00| 0 eng d
020 _a0829901876
041 _aeng
080 _a004
082 _a004
100 _a28
101 _aSHKI
245 _aIntroduction to Computer Science A Structured Approach
_cGraham,N
942 _2udc
_cBK
999 _c57458
_d57458